| 000 | 00588nam a2200205Ia 4500 | ||
|---|---|---|---|
| 003 | GCL | ||
| 008 | 140319s9999 xx 000 0 ara d | ||
| 040 |
_aGCL / _cGCL |
||
| 082 | 0 | 4 |
_a891.7 _bت م |
| 100 | 1 | _aتشيخوف، انطون | |
| 245 | 1 | 0 |
_aمؤلفات مختارة / _cتشيخوف، انطون |
| 700 | 1 | _aابوبكر يوسف | |
| 260 |
_a[S.N] : _bدار رادوغا ، _c1987 |
||
| 300 | _a4 مج | ||
| 490 | _a | ||
| 650 | 0 | 4 | _aالادب الروسى |
| 650 | 0 | 4 | _aانطون تشيخوف |
| 650 | 0 | 4 | _aالادب الروسى المترجم |
| 942 |
_2ddc _cBK |
||
| 999 |
_c35092 _d35092 |
||